| 000 | 01464nam a2200433 c 4500 | ||
|---|---|---|---|
| 001 | 11430 | ||
| 003 | ES-MaCES | ||
| 005 | 20150925135629.0 | ||
| 008 | 001120s2000 sp t o000 | spa d | ||
| 017 |
_aM 42134-2000 _bDL |
||
| 020 | _a848188118X | ||
| 035 | _aCES20000016502m | ||
| 040 |
_aES-MaCES _bspa _cES-MaCES |
||
| 100 | 1 |
_aCorrea Carrasco, Manuel _910011 |
|
| 245 | 1 | 3 |
_aLa ordenación de las relaciones laborales en el sector marítimo-pesquero _cManuel Correa Carrasco |
| 250 | _a1ª ed. | ||
| 260 |
_aMadrid _bConsejo Económico y Social _c2000 |
||
| 300 |
_a238 p. _c23 cm |
||
| 490 | 1 |
_aColección Estudios _v94 |
|
| 504 | _aBibliografía: p. 227-232 | ||
| 541 | _cGratuito | ||
| 650 | 4 |
_apesca _927611 |
|
| 650 | 4 |
_aindustria pesquera _927608 |
|
| 650 | 4 |
_aderecho del trabajo _927165 |
|
| 650 | 4 |
_atrabajador de la pesca _928434 |
|
| 650 | 4 |
_aordenamiento del tiempo de trabajo _929205 |
|
| 650 | 4 |
_acondiciones de trabajo _928327 |
|
| 650 | 4 |
_anegociación colectiva _928362 |
|
| 650 | 4 |
_anorma del trabajo _928215 |
|
| 650 | 4 |
_aEspaña _926964 |
|
| 650 | 4 |
_ajurisprudencia _928624 |
|
| 653 | 1 | 0 | _aRelaciones laborales-Empleo |
| 650 | 4 |
_928369 _arelaciones laborales |
|
| 710 | 2 |
_aConsejo Económico y Social (España) _eed. _92408 |
|
| 830 | 1 |
_aColección Estudios (Consejo Económico y Social (España)) _v94 _932341 |
|
| 902 | _aLIB Libro | ||
| 942 |
_2CES _cBK _h2.0. |
||
| 999 |
_c11430 _d11430 |
||